000 00561nam a22002177a 4500
003 UA-OsUOA
001 60654
007 ta
008 20090601b un ||||| |||| 00| 0 ukr d
100 _aЖулинський М.
090 _a82
_bЖ87
942 _cSA
040 _aUA-OsUOA
_bukr
_cUA-OsUOA
_dUA-OsUOA
245 _aЛист до Юрія Мушкетика.../Критика
300 _aС.117-185
955 _a0
041 _aukr
080 _a82
773 0 _w60653
650 7 _a82 Література. Літературознавство
_2UDC
999 _c347001
_d347001